000 00379nam a22001457a 4500
003 MACL
005 20180427152302.0
008 180427b xxu||||| |||| 00| 0 eng d
040 _cMACL
100 _aHari Mohan Prasad
_972410
245 _aObjective English for Competitive Examinations
260 _aChennai
_bMc Graw Hill
_c2018
650 _aLangauge
_972418
942 _2ddc
_cBK
999 _c58005
_d58005